000 00440nam a2200181Ia 4500
005 20250603145604.0
008 250603s9999 xx 000 0 und d
020 _a9780074632178
050 _aTJ 260 .K47/
100 _aKern, Donald Q.
245 0 _aProcess heat transfer
260 _aNew delhi
260 _bTata McGraw-hill publishing company limited
260 _c2009
300 _a871 p
650 _aNew delhi
942 _cBK
999 _c42287
_d42287